000 00427nam a22001697a 4500
003 UA-OsUOA
001 6086
007 ta
008 20050721b un ||||| |||| 00| 0 ukr d
100 _aСлисюк
700 _aО. Я.
942 _cBK
040 _aUA-OsUOA
_cUA-OsUOA
_dUA-OsUOA
245 _aЛексика моди на матер. публіцистичних текстів.
_bBA Paper
955 _a2
650 7 _2UDC
999 _c292248
_d292248